| 000 | 00000nam 2200000za 4500 |
| 001 | 9.573246 |
| 003 | CaOODSP |
| 005 | 20210624183618 |
| 007 | cr ||||||||||| |
| 008 | 150406|2005||||xxc|||||o f|0| 0 eng d |
| 040 | |aCaOODSP|beng |
| 043 | |an-cn--- |
| 086 | 1 |aBT31-4/47-2005E-PDF |
| 110 | 1 |aCanada. |bTreasury Board. |
| 245 | 10|aNAFTA Secretariat, departmental performance report for the period ending March 31, 2005 |h[electronic resource] |
| 246 | 1 |iVariant title : |aNAFTA Secretariat, Secrétariat de l'ALÉNA, Secretariado del TLCAN - departmental performance report for the period ending March 31, 2005 |
| 260 | |aOttawa - Ontario : |bTreasury Board of Canada Secretariat |c[2005]. |
| 300 | |a23p.|borganization chart, tables |
| 490 | 1 |aPerformance report for the period ending March 31, 2005 |
| 500 | |a"This report highlights the work of the Canadian Section of the NAFTA Secretariat" -- p.3 of 23. |
| 590 | |a12-06-Supp|b2012-03-07 |
| 710 | 2 |aNAFTA Secretariat. |bCanadian Section. |
| 775 | 08|tSecrétariat de l'ALÉNA - rapport ministériel sur le rendement, période se terminant le 31 mars 2005 |w(CaOODSP)9.603455 |
| 776 | 0#|tNAFTA Secretariat, Canadian Section |w(CaOODSP)9.541826 |
| 776 | 0#|tSecrétariat de l'ALÉNA, section canadienne |w(CaOODSP)9.541827 |
| 830 | #0|aPerformance report for the period ending March 31, 2005.|w(CaOODSP)9.506266 |
| 856 | 40|ahttp://publications.gc.ca|qPDF|s206 KB|uhttps://publications.gc.ca/collections/collection_2012/sct-tbs/BT31-4-47-2005-eng.pdf |